| 000 | 01437nam a2200361Ia 4500 | ||
|---|---|---|---|
| 001 | ebr10627471 | ||
| 003 | CaPaEBR | ||
| 006 | m u | ||
| 007 | cr cn||||||||| | ||
| 008 | 111219s2012 nyu sb 001 0 eng d | ||
| 010 | _z 2011052052 | ||
| 020 | _z9781438444352 | ||
| 020 | _z9781438444376 | ||
| 040 |
_aCaPaEBR _cCaPaEBR |
||
| 035 | _a(OCoLC)819379715 | ||
| 041 | 1 |
_aeng _hita |
|
| 050 | 1 | 4 |
_aBD331 _b.D5613 2012eb |
| 100 | 1 | _aDiodato, Roberto. | |
| 240 | 1 | 0 |
_aEstetica del virtualel. _lEnglish |
| 245 | 1 | 0 |
_aAesthetics of the Virtual _h[electronic resource] / _cRoberto Diodato ; Revised and Edited by Silvia Benso ; Translated by Justin L. Harmon ; Foreword by John Protevi. |
| 260 |
_aAlbany : _bState University of New York Press, _c2012. |
||
| 300 | _ax, 161 p. | ||
| 490 | 0 | _aSUNY series in contemporary Italian philosophy | |
| 504 | _aIncludes bibliographical references and index. | ||
| 533 |
_aElectronic reproduction. _bPalo Alto, Calif. : _cebrary, _d2011. _nAvailable via World Wide Web. _nAccess may be limited to ebrary affiliated libraries. |
||
| 650 | 0 | _aArt and technology. | |
| 650 | 0 | _aVirtual reality in art. | |
| 650 | 0 |
_aVirtual reality _xPhilosophy. |
|
| 655 | 7 |
_aElectronic books. _2local |
|
| 700 | 1 | _aBenso, Silvia. | |
| 710 | 2 | _aebrary, Inc. | |
| 856 | 4 | 0 |
_uhttp://site.ebrary.com/lib/rucke/Doc?id=10627471 _zAn electronic book accessible through the World Wide Web; click to view |
| 999 |
_c50395 _d50395 |
||